| 000 | 00545nam a2200205Ia 4500 | ||
|---|---|---|---|
| 005 | 20250508164114.0 | ||
| 008 | 008 250505s9999 xx 000 0 hin d | ||
| 020 | _a81-8143-049-2 | ||
| 037 | _aTextual | ||
| 040 |
_aFEDL _beng _cFEDL |
||
| 041 |
_ahin _2hin |
||
| 084 |
_a891.433, PAN _qFEDL |
||
| 100 |
_aPancholi Manu Bhai _9777335 |
||
| 245 | 0 | _aKurukshetra | |
| 260 |
_aNew Delhi, India _bVani Prakashan _c2003 |
||
| 300 | _a193p. | ||
| 365 |
_aINR _b295 |
||
| 942 |
_cTEXL _h891.433, PAN |
||
| 999 |
_c1387084 _d1387084 |
||